Normal view
MARC view
Entry Personal Name
001 - CONTROL NUMBER
- control field: 610
003 - CONTROL NUMBER IDENTIFIER
- control field: OSt
005 - DATE AND TIME OF LATEST TRANSACTION
- control field: 20140716153530.0
008 - FIXED-LENGTH DATA ELEMENTS
- fixed length control field: 140716|| aca||aabn | a|a d
040 ## - CATALOGING SOURCE
- Original cataloging agency: OSt
- Transcribing agency: OSt
100 ## - HEADING--PERSONAL NAME
- Personal name: Buchholz, Rogene A.
670 ## - SOURCE DATA FOUND
- Source citation: Work cat.: (OSt): Buchholz, Rogene A., Principles of gender, development and environmental management, 2008
